|
|
|
|
| LEADER |
00000ny a22000003n 4500 |
| 005 |
20110616150730.0 |
| 008 |
A10218s1999 sp || 000|0 spa d |
| 020 |
|
|
|a 9788495027603
|
| 035 |
|
|
|a 3281
|
| 040 |
|
|
|a BUS
|d vLex
|
| 080 |
|
|
|a 35.077.3 460
|
| 080 |
|
|
|a 351.9 460
|
| 090 |
|
|
|c 797
|d 797
|
| 100 |
1 |
|
|a Rodrg̕uez Pontn̤, Francisco Još
|
| 245 |
1 |
0 |
|a Pluralidad de intereses en la tutela cautelar del proceso contencioso administrativo
|h [Recurso electrn̤ico]
|b (adoptado a la Ley de la jurisdiccin̤ contencioso-administrativa de 13 de julio de 1998) /
|c Francisco Jos ̌Rodrg̕uez Pontn̤
|
| 256 |
|
|
|a Servicio en ln̕ea
|
| 260 |
|
|
|a Barcelona
|b Cedecs,
|c 1999
|
| 300 |
|
|
|a 227 p. ;
|c 23 cm
|
| 490 |
1 |
|
|a Derecho administrativo
|
| 504 |
|
|
|a Bibliog.
|
| 506 |
1 |
|
|a Contenido solo disponible en los productos indicados
|d vLex Global
|d vLex Global (Academic Edition, excluding Law Schools)
|d vLex Global (U.S. Academic Edition, Law Schools)
|d vLex Global (U.S. Academic Edition, excluding Law Schools)
|d vLex Global (Academic Edition, Law Schools)
|
| 650 |
0 |
7 |
|2 Tesauro vLex
|a Proceso contencioso administrativo
|
| 740 |
0 |
|
|a vLex Libros (Servicios en ln̕ea)
|
| 830 |
|
0 |
|a Derecho administrativo (Cedecs)
|
| 856 |
4 |
0 |
|z Acceso restringido
|u http://vlex.com/source/3281
|
| 942 |
|
|
|c BOOK
|
| 999 |
0 |
|
|a Law
|b Barcelona
|